Konkurenčná výhoda - od predpokladov k realite

Klamlivé predstavy o konkurenčnej výhode. Komplexný pohľad na štruktúru konkurenčnej výhody. Podmienky na vznik konkurenčnej výhody. Reálna štruktúra konkurenčnej výhody. Predpoklady na vznik národnej konkurenčnej výhody. Úplnosť konkurenčnej výhody. Perspektívy rozvoja konkurenčnej výhody.

Saved in:
Bibliographic Details
Main Author: Slávik, Štefan, 1955-
Format: Book Chapter
Language:Slovak
Subjects:
Tags: Add Tag
No Tags, Be the first to tag this record!

MARC

LEADER 00000naa$a2200000$$$4500
001 0136589
005 20240502083329.2
041 0 |a slo 
044 |a CZ 
245 1 0 |a Konkurenčná výhoda - od predpokladov k realite  |c Štefan Slávik 
520 |a Klamlivé predstavy o konkurenčnej výhode. Komplexný pohľad na štruktúru konkurenčnej výhody. Podmienky na vznik konkurenčnej výhody. Reálna štruktúra konkurenčnej výhody. Predpoklady na vznik národnej konkurenčnej výhody. Úplnosť konkurenčnej výhody. Perspektívy rozvoja konkurenčnej výhody. 
610 2 0 |a výhody konkurenčné 
610 2 0 |a konkurencia 
610 2 0 |a konkurencieschopnosť 
610 2 0 |a podnik 
610 2 0 |a riadenie podnikové 
610 2 0 |a financie 
610 2 0 |a marketing 
610 2 0 |a výskum 
610 2 0 |a vývoj 
610 2 0 |a značky výrobné 
100 1 |a Slávik, Štefan, 1955-